Golondrina de Invierno: novela

Saved in:
Bibliografiske detaljer
Hovedforfatter: Silva, Víctor Domingo (Author)
Format: Bog
Sprog:spansk
Udgivet: Santiago Nascimento 1983
Udgivelse:24a. ed
Fag:
Tags: Tilføj Tag
Ingen Tags, Vær først til at tagge denne postø!

MARC

LEADER 00000nam a2200000 a 4500
001 UCZ0183
003 CL-VaPUC
008 950724e19830000CL |||||||||||||||||spa|d
082 0 4 |a Ch863  |b SIL  |2 21 
100 0 |a Silva, Víctor Domingo  |e author  |9 342816 
245 1 0 |a Golondrina de Invierno: novela 
250 |a 24a. ed 
300 |a 303 p 
942 |c BK 
945 |d 19950724 00:00:00  |a lriquelm 
260 |a Santiago  |b Nascimento  |c 1983 
650 0 |a Novelas chilenas   |9 265425 
650 0 |a Literatura chilena   |9 308278 
650 0 |a Prosa chilena   |9 267787 
650 0 |a Formas y géneros literarios  |9 324031 
583 |a last modification  |c 19950724 00:00:00  |k Rodrigo Vera 
999 |c 237146  |d 237144 
952 |0 0  |1 0  |4 0  |6 CH_863_000000000000000_SIL_1983  |7 0  |8 A  |9 245963  |a BIBEDU  |b BIBEDU  |d 2019-11-18  |i 1541056  |o Ch863 SIL 1983  |p 1541056  |r 2019-11-18  |w 2019-11-18  |y BK  |k EDU